| 000 | 00498nam a22001817a 4500 | ||
|---|---|---|---|
| 003 | OSt | ||
| 005 | 20240717110216.0 | ||
| 008 | 240717b |||||||| |||| 00| 0 eng d | ||
| 020 | _a9780006540175 | ||
| 040 | _cMUST | ||
| 082 | _a300 GRI 1983 | ||
| 100 |
_aCapra Fritjof _918801 |
||
| 245 |
_aThe turning point/ _bscience,society,and the risising culture _cFritjof Capra |
||
| 260 |
_aFlamingo _bcollins |
||
| 300 |
_axx,516p; _bill. _c19 |
||
| 504 | _abibliograghies included | ||
| 942 |
_2ddc _cO_SHELF |
||
| 999 |
_c9215 _d9215 |
||